Interpreting and translation for agri-food professionals in the global marketplace /

Bibliographic Details
Other Authors: Gil, Isabel Peñuelas (Editor), Ortego Antón, María Teresa (Editor)
Format: Book
Language:English
Published: Berlin ; Boston : De Gruyter, [2024]
Subjects:

MARC

Tag First Indicator Second Indicator Subfields
LEADER 00000cam a2200000 i 4500
001 in00005465113
008 230602s2024 gw a b 001 0 eng d
005 20250318222613.4
020 |a 9783111100234 
020 |a 3111100235  |q hardcover 
035 |a (OCoLC)on1380835304 
035 |a (OCoLC)1380835304 
040 |a YDX  |b eng  |e rda  |c YDX  |d YDX 
050 4 |a P306  |b .I69 2024 
050 4 |a HD9000.5  |b .I69 2024 
082 0 4 |a 418.02  |2 23 
245 0 0 |a Interpreting and translation for agri-food professionals in the global marketplace /  |c edited by Isabel Peñuelas Gil and María-Teresa Ortego Antón. 
264 1 |a Berlin ;  |a Boston :  |b De Gruyter,  |c [2024] 
300 |a xiii, 271 pages :  |b illustrations (black & white) ;  |c 24 cm 
336 |a text  |b txt  |2 rdacontent 
337 |a unmediated  |b n  |2 rdamedia 
338 |a volume  |b nc  |2 rdacarrier 
504 |a Includes bibliographical references and index. 
650 0 |a Translating and interpreting. 
650 0 |a Agricultural industries. 
700 1 |a Gil, Isabel Peñuelas,  |e editor. 
700 1 |a Ortego Antón, María Teresa,  |e editor. 
776 0 8 |i Electronic version:  |t Interpreting and translation for agri-food professionals in the global marketplace.  |d Berlin ; Boston : De Gruyter, [2024]  |z 9783111100234  |w (DLC) 2023939789  |w (OCoLC)1424851631 
852 8 |b pda,print  |z This title is available for the library to purchase for your use. Click the "Purchase It For Me" button to place a request. This item may take 5-10 business days to arrive. 
955 |a Print PDA title 
961 |m 565730 
999 f f |s 10be8a97-2695-4d0e-9ffc-c34dbe3435ef  |i 29647b78-a0ca-41f6-8831-6081579fe11a  |t 0 
952 f f |a Texas A&M University  |b College Station  |c Sterling C. Evans Library  |d Purchase on Demand  |t 0  |e P306 .I69 2024  |h Library of Congress classification 
998 f f |a P306 .I69 2024  |t 0  |l Purchase on Demand